| 000 | 01964cas a2200553 a 4500 | ||
|---|---|---|---|
| 999 |
_c77112 _d314389 |
||
| 001 | 11389754 | ||
| 003 | OSt | ||
| 005 | 20190731164202.0 | ||
| 007 | t| | ||
| 008 | 901210c19912016ctuhr 0 a0eng c | ||
| 010 |
_a 91649806 _zsn 90005863 |
||
| 016 | 7 |
_a9208013 _2DNLM |
|
| 016 | 7 |
_aSR0072870 _2DNLM |
|
| 020 | _a9781259255342 | ||
| 022 | 0 |
_a1054-2744 _21 |
|
| 035 | _a(OCoLC)ocm22829980 | ||
| 037 | _bAppleton & Lange, 25 Van Zant St., E. Norwalk, CT 06855 | ||
| 040 |
_aNSDP _beng _cNSDP _dDLC _dDNLM _dNST _dNIC _dMiU _dCSdS _dN _dOCoLC _dMoSCC _dTULIB _dOCoLC |
||
| 042 |
_ansdp _apcc |
||
| 050 | 0 | 0 |
_aQR46 _b.R47 |
| 060 | 0 | 0 |
_aW1 _bJA988 |
| 082 | 0 | 0 |
_a616.01 _222 _bJAM |
| 210 | 0 | _aJawetz, Melnick Adelberg's med. microbiol. | |
| 222 | 0 | _aJawetz, Melnick & Adelberg's medical microbiology | |
| 245 | 0 | 0 | _aJawetz, Melnick & Adelberg's medical microbiology. |
| 246 | 1 | 0 | _aJawetz, Melnick, and Adelberg's medical microbiology |
| 246 | 1 | 0 | _aMedical microbiology |
| 246 | 1 | 8 | _aMicrobiology |
| 250 | _a27th ed. | ||
| 260 |
_aNorwalk, Conn. : _bAppleton & Lange, _c2016 |
||
| 300 |
_av. : _bill. ; _c26 cm. |
||
| 310 |
_aTriennial, _b<2004-> |
||
| 321 | _aBiennial | ||
| 362 | 0 | _a19th ed.- | |
| 500 | _a"A Lange medical book." | ||
| 590 | _aSERBIB/SERLOC merged record | ||
| 650 | 0 |
_aMedical microbiology. _973995 |
|
| 650 | 2 |
_aMicrobiology _vPeriodicals. _95589 |
|
| 650 | 4 |
_aMicrobiology _vPeriodicals. _95589 |
|
| 776 | 0 | 8 |
_iOnline version: _tJawetz, Melnick & Adelberg's medical microbiology _w(OCoLC)593560460 |
| 776 | 0 | 8 |
_iOnline version: _tJawetz, Melnick & Adelberg's medical microbiology _w(OCoLC)608418633 |
| 780 | 0 | 0 |
_tMedical microbiology (Norwalk, Conn.) _x1042-8089 _w(DLC) 89650931 _w(OCoLC)19224929 |
| 906 |
_a7 _bcbc _cserials _d2 _encip _f19 _gn-oclcserc |
||
| 942 |
_2ddc _cBOOK |
||